Regionálna politika EÚ v dokumentoch EÚ

Regionálna politika v primárnom práve - prehľad zmlúv. Regionálna politika v sekundárnom práve. Všeobecné predpisy vzťahujúce sa na nástroje regionálnej politiky. Európsky sociálny fond. Európsky fond pre regionálny rozvoj. Európsky poľnohospodársky usmerňovací a záručný fond. Finančný nástroj na us...

Full description

Saved in:
Bibliographic Details
Main Author: Hurná, Lucia, 1978-
Format: Book Chapter
Language:Slovak
Subjects:
Tags: Add Tag
No Tags, Be the first to tag this record!

MARC

LEADER 00000naa$a2200000$$$4500
001 0057052
005 20240502071637.9
041 0 |a slo 
044 |a SK 
245 1 0 |a Regionálna politika EÚ v dokumentoch EÚ  |c Lucia Hurná 
520 |a Regionálna politika v primárnom práve - prehľad zmlúv. Regionálna politika v sekundárnom práve. Všeobecné predpisy vzťahujúce sa na nástroje regionálnej politiky. Európsky sociálny fond. Európsky fond pre regionálny rozvoj. Európsky poľnohospodársky usmerňovací a záručný fond. Finančný nástroj na usmerňovanie rybolovu. Kohézny fond. Európske zoskupenie územnej spolupráce. Predvstupová pomoc (ISPA, SAPARD, PHARE, IPA). Harmonizácia slovenskej legislatívy. 
610 2 0 |a politika regionálna 
610 2 0 |a právo 
610 2 0 |a Európska únia 
610 2 0 |a dokumenty 
610 2 0 |a zmluvy 
610 2 0 |a Slovensko 
610 2 0 |a aproximácia práva 
100 1 |a Hurná, Lucia, 1978-